Segretari e presidenti della DC - Statistics

Statistiche generali
  • Questo quiz è stato fatto 41 volte
  • Il punteggio medio è 6 su 16
Statistiche sulle risposte
con Immagini Hint Risposta % Corretto
1959-1964 Aldo Moro
100%
1944-1946, 1953-1954 Alcide De Gasperi
92%
1954-1959, 1973-1975 Amintore Fanfani
86%
1969-1973, 1989-1992 Arnaldo Forlani
62%
1982-1989 Ciriaco De Mita
62%
1964-1969 Mariano Rumor
51%
1992-1994 Rosa Russo Iervolino
35%
1975-1980 Benigno Zaccagnini
32%
1966-1969 Mario Scelba
32%
1992-1994 Mino Martinazzoli
30%
1969-1969, 1980-1982 Flaminio Piccoli
19%
1954-1960 Adone Zoli
14%
1946-1949 Attilio Piccioni
14%
1949-1950 Paolo Emilio Taviani
5%
1949-1949 Giuseppe Cappi
0%
1950-1953 Guido Gonella
0%
Nessun quiz corrispondente trovato
Distribuzione punteggi
Percentuale di utenti per punteggio
Percentile per numero di risposta
I tuoi punteggi nel tempo
Non hai fatto questo quiz